[Event "Catalao op 1st"]
[Site "Catalao"]
[Date "2019.02.09"]
[Round "3"]
[White "Da Silva, Alexsandro Bezerra"]
[Black "Franca, Jairo"]
[Result "1-0"]
[WhiteElo "1800"]
[BlackElo "1488"]
[PlyCount "57"]
[EventDate "2019.02.09"]
[EventType "swiss"]
[EventRounds "5"]
[EventCountry "BRA"]
[SourceTitle "CBM 189 Extra"]
[Source "ChessBase"]
[SourceDate "2019.06.03"]
[SourceVersion "1"]
[SourceVersionDate "2019.06.03"]
[SourceQuality "1"]

1. b3 Nf6 2. Bb2 e6 3. e3 Be7 4. Nf3 d6 5. d4 c6 6. c4 0-0 7. Nc3 b6 8. Bd3 Bb7 9. 0-0 d5 10. Qc2 Na6 11. a3 Nc7 12. e4 dxe4 13. Nxe4 Nxe4 14. Bxe4 f5 15. Bd3 Bf6 16. Rad1 Qe7 17. Rfe1 Qf7 18. Ne5 Qh5 19. Be2 Qe8 20. Bf3 Rd8 21. b4 a6 22. b5 axb5 23. cxb5 c5 24. Bxb7 Bxe5 25. Bc6 Qh5 26. Rxe5 Rf6 27. Qe2 Qg5 28. dxc5 Rxd1+ 29. Qxd1 1-0